I remember the autobiography of Ladipo Adamolekun
Saved in:
| Main Author: | |
|---|---|
| Format: | Book |
| Language: | English |
| Published: |
Safari Books
2016.
|
| Tags: |
Add Tag
No Tags, Be the first to tag this record!
|
MARC
| LEADER | 00000nam a22000007a 4500 | ||
|---|---|---|---|
| 008 | 201217b ||||| |||| 00| 0 eng d | ||
| 020 | |a ISBN: 978-978-8431-94-7 | ||
| 100 | |a ADAMOLEKUN, Ladipo | ||
| 245 | |a I remember |b the autobiography of Ladipo Adamolekun |c Adamolekun.- |g xv, 351p. | ||
| 260 | |b Safari Books |c 2016. |h Ibadan: |i 689368 |l DT515.83 .Ad1 |m Adamolekun, Ladipo, 1942 | ||
| 500 | |a “It includes index”. | ||
| 942 | |a lcc |c BK |e Olagoke,M.A |f 17/12/2020 | ||
| 952 | |0 0 |1 0 |2 lcc |4 0 |6 DT051583 A D1 |7 0 |9 651 |a HOL |b HOL |c AF |d 2020-12-17 |l 0 |o DT515.83 .Ad1 |p 2020-22968 |r 2020-12-17 00:00:00 |w 2020-12-17 |y BK | ||
| 999 | |c 362 |d 362 | ||